| 000 | 00406nam a2200133Ia 4500 | ||
|---|---|---|---|
| 008 | 231129s9999||||xx |||||||||||||| ||spa|| | ||
| 020 | _a84-226-1392-1 | ||
| 040 | _bspa | ||
| 082 | _aR 940.53 Ch459s | ||
| 100 | _aChant Christhoper | ||
| 245 | 0 | _aSegunda guerra mundial : Batallas por tierra mar y aire 1939-1945 | |
| 264 | _aCirculo de Lectores | ||
| 942 |
_2ddc _cBKS |
||
| 999 |
_c24408 _d24408 |
||